000 01095nam a22002777a 4500
005 20240530110614.0
008 161122s2014 ua ak g b 000 0dara d
017 _a2014/3001
_bمصر . دار الكتب المصرية
020 _a9789774278938
040 _aEG-CaGPL
082 0 4 _221
_a302.23\
_bم ع
100 0 _aمحمد حسام الدين اسماعيل
245 1 2 _aالعولمة وصورة الاسلام في الاعلام الدولي /
_cمحمد حسام الدين اسماعيل
250 _aط. 2
260 _aالقاهرة :
_bالدار المصرية اللبنانية ،
_c2014
300 _a335 ص. :
_bجداول ، اشكال ؛
_c24 سم.
490 0 _aالمكتبة الاعلامية
504 _aببليوجرافية : ص.317 - 330
650 0 7 _2qrmak
_aالاعلام الدولي
650 0 7 _2qrmak
_aالرأي العام العالمي
650 0 7 _2qrmak
_aالصحافة
650 0 7 _2qrmak
_aالعولمة
650 0 7 _2qrmak
_aالاسلام و المجتمع
942 _2ddc
_cBK
999 _c62911
_d62911